00851nam a2200241 i 4500001000700000003000900007005001700016007000300033008004100036080001600077080001400093100003000107245010000137250001500237260003200252300003500284650003900319650004100358700003700399852003200436999001900468952012200487134811ES-MaACL20250828030243.0t|070629s1971 sp ||||1| spa d a37.04-053.2 a37.018.111 aTieche, Mauricio.911022310aGuía de educación familiar / cMauricio Tieche ; [traducción de Salvador Iserte Badenas]. a[1ª ed.]. aMadrid : bSafeliz, c1971. a67 p. con 37 lám. ; c22 cm.17aEducación familiar2embne91210617aEducación de niños2embne9120991 aIserte Badenas, Salvador.965563 aES-MaACLjC-40930 bR.80034 c134811d134811 00104070aATENEOMbATENEOMcDEPO2d2008-01-17eSCl0oC-40930p1140320r2023-02-23 00:00:00w2023-02-23yMONOGRAFIA